Les films du Marvel Cinematic Universe (MCU) - Statistiques

Statistiques générales
  • Ce quiz a été pris 3 465 fois
    2 477 depuis la dernière actualisation
  • Le résultat moyen est 26 sur 33
Statistiques - réponses
Année de Sortie Film % Correct
2008 Iron Man
99%
2011 Captain America : First Avenger
97%
2012 Avengers
96%
2010 Iron Man 2
96%
2011 Thor
96%
2013 Iron Man 3
94%
2008 L'incroyable Hulk
94%
2017 Spider-Man : Homecoming
93%
2019 Avengers : Endgame
92%
2018 Avengers : Infinity War
88%
2015 Ant-Man
86%
2015 Avengers : l'Ère d'Ultron
85%
2016 Captain America : Civil War
85%
2014 Les Gardiens de la Galaxie
84%
2018 Black Panther
82%
2016 Doctor Strange
82%
2017 Thor : Ragnarok
81%
2019 Spider-Man : Far From Home
80%
2021 Spider-Man : No Way Home
80%
2021 Black Widow
79%
2014 Captain America : Le Soldat de l'hiver
79%
2018 Ant-Man et la Guêpe
78%
2019 Captain Marvel
78%
2017 Les Gardiens de la Galaxie Vol.2
75%
2022 Thor : Love and Thunder
71%
2013 Thor : Le Monde des ténèbres
67%
2022 Black Panther : Wakanda Forever
62%
2022 Doctor Strange in the Multiverse of Madness
60%
2021 Les Eternels
60%
2023 Ant-Man et la Guêpe : Quantumania
58%
2021 Shang-Chi et la Légende des Dix Anneaux
54%
2023 The Marvels
52%
2023 Les Gardiens de la Galaxie Vol. 3
50%
Aucun quiz correspondant
Distribution des résultats
% des personnes avec chaque résultat
Percentile par nombre de réponses
Votre historique - résultats
Vous n’avez pas pris ce quiz depuis la dernière actualisation